000 00752nam a2200253Ia 4500
003 OSt
005 20220926024551.0
006 a|||||r|||| 00| 0
007 ta
008 220923b |||||||| |||| 00| 0 eng d
037 _cGeneral Book
040 _aRTL
_cRTL
_beng
041 _2eng
_aeng
082 _aU43.3.N9, N2
100 _aWhitehand J W R
_9291533
245 0 _aMaking of the urban landscape
260 _aOxford
_bBlackwell
_c1992
300 _ax, 239p.
_ccm.
490 _aInstitute of British Geographers Special Publications Series, 26.
500 _aBibliography p.216-24
650 _aUrban Geography-Britain
_9245183
942 _hU43.3.N9, N2
_cGB
_2CC
999 _c644771
_d644771